| 000 | 00630nam a2200253Ia 4500 | ||
|---|---|---|---|
| 008 | 160803s9999 xx 000 0 und d | ||
| 020 | _a9780439796408 | ||
| 100 | _aCarman, Patrick | ||
| 245 | _aBeyond the Valley of Thorns / | ||
| 245 | _cPatrick Carman. | ||
| 260 | _aNew York : | ||
| 260 | _bScholastic Inc. | ||
| 260 | _c2005 | ||
| 300 | _a221 pages : | ||
| 300 | _billustrations ; | ||
| 300 | _c19 cm. | ||
| 650 | _aAdventure and adventurers -- | ||
| 650 | _aHuman-animal communication -- | ||
| 650 | _aMagic -- | ||
| 650 | _xFiction. | ||
| 650 | _xFiction. | ||
| 650 | _xFiction. | ||
| 700 | _a1000 | ||
| 999 |
_c298760 _d298760 |
||